000 01552cam a2200337 i 4500
001 13688716
003 EG-ScBUE
005 20251221102410.0
008 040816s2008 enka f b 001 0 eng d
020 _a9780199545698
035 _a(OCoLC)ocm53393324
040 _aEG-ScBUE
_beng
_erda
_cEG-ScBUE
_dEG-ScBUE
082 0 4 _a548.81
_222
_bFER
100 1 _aFerraris, Giovanni,
_94899
_eauthor.
245 1 0 _aCrystallography of modular materials /
_cGiovanni Ferraris, Department of Mineralogical and Petrologic Sciences, University of Turin, Emil Makovicky, Mineralogical Department of the Geological Institute, University of Copenhagen, Stefano Merlino, Department of Earth Science, University of Pisa.
264 1 _aOxford :
_bOxford University Press,
_c2008.
300 _ax, 372 pages :
_billustrations ;
_c24 cm.
336 _2rdacontent
_atext
_btxt
337 _aunmediated
_2rdamedia
_bn
338 _avolume
_bnc
_2rdacarrier
490 0 _aInternational Union of Crystallography monographs on crystallography book series ;
_v15
504 _aIncludes bibliographical references and index.
650 7 _aMolecular crystals
_xStructure.
_94901
_2BUEsh
650 7 _aTwinning (Crystallography)
_94902
_2BUEsh
655 _vReading book
700 1 _aMakovicky, E.,
_94903
_eauthor.
700 1 _aMerlino, Stefano,
_94904
_eauthor.
856 4 1 _3Table of contents only
_uhttp://www.loc.gov/catdir/toc/fy052/2004301958.html
856 4 2 _3Publisher description
_uhttp://www.loc.gov/catdir/enhancements/fy0620/2004301958-d.html
942 _2ddc
_cBB
999 _c11564
_d11564